Mieux gerer votre entreprise grace a la mise en place d'outils e-management : methodologies, implementation et benefices poru les independants, TPE et PME /

Bibliographic Details
Main Author: Cornet, Brice, (Author)
Format: eBook
Language:French
Published: [Place of publication not identified] : EdiPro, [2013]
Series:E-management.
Subjects:
Online Access:Click to View
LEADER 01866nam a2200421 i 4500
001 EBC2086009
003 MiAaPQ
005 20200123103957.0
006 m o d |
007 cr cnu||||||||
008 200123s2013 xx o 000 0 fre d
020 |z 9782874962042 
020 |a 9782511014165  |q (electronic bk.) 
035 |a (MiAaPQ)EBC2086009 
035 |a (Au-PeEL)EBL2086009 
035 |a (OCoLC)914152640 
040 |a MiAaPQ  |b eng  |e rda  |e pn  |c MiAaPQ  |d MiAaPQ 
050 4 |a HF6146.I58  |b .C676 2013 
082 0 |a 659.144  |2 23 
100 1 |a Cornet, Brice,  |e author. 
245 1 0 |a Mieux gerer votre entreprise grace a la mise en place d'outils e-management :  |b methodologies, implementation et benefices poru les independants, TPE et PME /  |c Brice Cornet. 
264 1 |a [Place of publication not identified] :  |b EdiPro,  |c [2013] 
264 4 |c 2013 
300 |a 1 online resource (409 pages). 
336 |a text  |b txt  |2 rdacontent 
337 |a computer  |b c  |2 rdamedia 
338 |a online resource  |b cr  |2 rdacarrier 
490 1 |a E-management 
588 |a Description based on print version record. 
590 |a Electronic reproduction. Ann Arbor, MI : ProQuest, 2018. Available via World Wide Web. Access may be limited to ProQuest affiliated libraries. 
650 0 |a Internet advertising. 
650 0 |a Internet marketing. 
650 0 |a Strategic planning. 
655 4 |a Electronic books. 
776 0 8 |i Print version:  |a Cornet, Brice.  |t Mieux gerer votre entreprise grace a la mise en place d'outils e-management : methodologies, implementation et benefices poru les independants, TPE et PME.  |d [Place of publication not identified] : EdiPro, c2013   |h 409 pages   |k E-management   |z 9782874962042 
797 2 |a ProQuest (Firm) 
830 0 |a E-management. 
856 4 0 |u https://ebookcentral.proquest.com/lib/matrademy/detail.action?docID=2086009  |z Click to View